000 00244 a2200109 4500
245 _aHARE, BABOON AND THEIR FRIENDS
_hText
020 _a0869225219
100 _aHARMON, ROGER
650 _aAfrican Literature
005 20191021095506.0
260 _c1976
084 _aNONE
999 _c12306
_d12306